000
00323nam a2200145Ia 4500
005
20251222140034.0
008
251222s1900||||xx |||||||||||||| ||spa||
020
_a
8420615072
082
_a
193/N56A
100
_a
Nietzsche, Friedrich
245
0
_a
El Anticristo:
250
_a
3a.ed.
264
_b
Alianza
942
_c
LIB
999
_c
3063
_d
3063